| 000 | 02453agaaa2200325 4500 | ||
|---|---|---|---|
| 001 | 8754 | ||
| 003 | IT-RoPAU | ||
| 005 | 20220918181240.0 | ||
| 007 | d cvaizq | ||
| 008 | 50131s9999||||xx ||| | || ||und|| | ||
| 040 |
_aIT-RoPAU _cIT-RoPAU |
||
| 041 | _aITALIANO | ||
| 100 |
_aNegrin Alberto _gCodice regista SPICS: 1793 _944876 |
||
| 130 |
_aMISSUS _944877 |
||
| 245 |
_aMISSUS _cProdotto da: Giolitti Anna -- Sceneggiatura: Bernini Franco Pasquini Angelo Negrin Alberto -- Diretto da: Negrin Alberto _pMISSUS (Rif. Codice opera principale : C8754) |
||
| 250 | _aEdizione Standard | ||
| 260 |
_aROMA (ITALIA - FRANCIA) _bRAI - RADIO TELEVISIONE ITALIANA / Distribuzione: RAIDUE _g"1995 (1° ed.: 1995 ; Ed. Lingua Orig.: 1995)" |
||
| 300 |
_aVHS _bsonoro, col. _c220 minuti |
||
| 508 | _a"Fotografia: Nannuzzi Daniele; Montaggio: Siciliano Antonio; Musica: Morricone Ennio; Sceneggiatura: Bernini Franco Pasquini Angelo Negrin Alberto; Scenografia: Fiorentini Enrico; Soggetto: Bernini Franco -- Pasquini Angelo" | ||
| 511 | _a"Glen Lain; Wilkening Catherine; Griem Helmut; Stankzak Wadeck; La; Vella Emidio" | ||
| 520 | _aAMBIENTATO NEL 1972: DON PIETRO SALVIATI E' A KIEV PER ANIMARE UNA RETE SEGRETA DI CATTOLICI. I RISCHI E LA SOLITUDINE LO GETTANO NELLE BRACCIA DI OLGA UNA GIOVANE CHE POI TRADISCE LUI E IL GRUPPO. ANNI DOPO DON PIETRO E' RIMANDATO IN URSS CON VERA UNA GIOVANE AL SOLDO DELLA CIA PER RINTRACCIARE LUCIFERO TEMIBILE AGENTE DEL KGB INFILTRATO IN VATICANO. CON DOLORE SCOPRE CHE LUCIFERO E' UN SUO AMICO FRATERNO DEI TEMPI DI KIEV. DON PIETRO SCONVOLTODAI FATTI LASCIA VERA CHE PER PROTEGGERLO RIMANE UCCISA. LUI INVECE SFUGGEALLA CACCIA MA E' RITROVATO DA OLGA. LEI E' SEMPRE AL SOLDO DEL KGB MA SEMBRA PENTITA. GLI RIVELA CHE DAL LORO AMORE LONTANO E' NATA UNA FIGLIA. I RUSSI INCARCERANO ENTRAMBI E LI TORTURANO MA DON PIETRO AMBITA MERCE DI SCAMBIO VIENE LIBERATO. ORA HA DUE OBIETTIVI: SVENTARE LA TRAMA DI LUCIFERO E RIABBRACCIARE OLGA E SUA FIGLIA. | ||
| 538 | _aPAL, STEREO | ||
| 546 | _aITALIANO | ||
| 650 |
_aDRAMMATICO _eFILMS [VHS] _xCodice MATERIA SPICS: 9960 _934083 |
||
| 700 |
_aBernini Franco _e(soggetto) _gCodice Soggetto SPICS: 25342 _944878 |
||
| 700 |
_aMorricone Ennio _e(musica) _gCodice Musica SPICS: 3535 _944879 |
||
| 700 |
_aNegrin Alberto _e(regista) _gCodice regista SPICS: 1793 _944880 |
||
| 700 |
_aPasquini Angelo _e(soggetto) _gCodice Soggetto 2° SPICS: 36624 _944881 |
||
| 942 |
_cVH _2ddc |
||
| 999 |
_c106058 _d106058 |
||